Guildford BC v First SoS (Record no. 117766)

MARC details
000 -LEADER
fixed length control field 02040cam a2200301 4500
001 - CONTROL NUMBER
control field ABS68050
008 - FIXED-LENGTH DATA ELEMENTS--GENERAL INFORMATION
fixed length control field 040723n2004 000 0 eng u
035 ## - SYSTEM CONTROL NUMBER
System control number (Sirsi) u126919
245 ## - TITLE STATEMENT
Title Guildford BC v First SoS
260 ## - PUBLICATION, DISTRIBUTION, ETC.
Date of publication, distribution, etc. 2004
520 ## - SUMMARY, ETC.
Summary, etc. [2004] EWHC 1291 (Admin), 24 May 2004. G appealed against a planning inspector's decision to quash an enforcement notice for breach of planning permission under the Town and Country Planning Act 1990 s288. The inspector had granted planning permission subject to conditions including a condition that residential use should cease and that a mobile home should be removed from land within three years. The owner operated an agricultural business together with a livery service. The mobile home was occupied by a full time agricultural worker who needed to be on site to tend to the livestock. The inspector held that although a livery stable operation is not agricultural use, it compliments agricultural activities and it is reasonable where it is operated as part of a farming system to allow it. G argued on appeal that the inspector had wrongly interpreted the relevant policy in PPG7 and PPG2. HC upheld the inspector's decision supporting his decision in favour of farm diversification. View judgment at www.bailii.org.
590 ## - LOCAL NOTE (RLIN)
Local note ABS
590 ## - LOCAL NOTE (RLIN)
Local note ABS
590 ## - LOCAL NOTE (RLIN)
Local note ABS
650 ## - SUBJECT ADDED ENTRY--TOPICAL TERM
Topical term or geographic name entry element GUILDFORD BC V FIRST SECRETARY OF STATE
650 ## - SUBJECT ADDED ENTRY--TOPICAL TERM
Topical term or geographic name entry element TOWN AND COUNTRY PLANNING ACT 1990 S288
650 ## - SUBJECT ADDED ENTRY--TOPICAL TERM
Topical term or geographic name entry element LIVERY STABLES
650 ## - SUBJECT ADDED ENTRY--TOPICAL TERM
Topical term or geographic name entry element FARM DIVERSIFICATION
650 ## - SUBJECT ADDED ENTRY--TOPICAL TERM
Topical term or geographic name entry element AGRICULTURAL USE
650 ## - SUBJECT ADDED ENTRY--TOPICAL TERM
Topical term or geographic name entry element PPG7
650 ## - SUBJECT ADDED ENTRY--TOPICAL TERM
Topical term or geographic name entry element PLANNING POLICY GUIDANCE NOTE 2 (GREEN BELTS)
650 ## - SUBJECT ADDED ENTRY--TOPICAL TERM
Topical term or geographic name entry element MOBILE HOMES
690 ## - LOCAL SUBJECT ADDED ENTRY--TOPICAL TERM (OCLC, RLIN)
Topical term or geographic name as entry element PLANNING-CASE LAW
856 ## - ELECTRONIC LOCATION AND ACCESS
Uniform Resource Identifier <a href="https://www.bailii.org/ew/cases/EWHC/Admin/2004/1291.html">https://www.bailii.org/ew/cases/EWHC/Admin/2004/1291.html</a>
Public note View judgment on the BAILL websiteƯ
856 ## - ELECTRONIC LOCATION AND ACCESS
Uniform Resource Identifier <a href="https://www.bailii.org/ew/cases/EWHC/Admin/2004/1291.html">https://www.bailii.org/ew/cases/EWHC/Admin/2004/1291.html</a>
Public note View judgment on the BAILL websiteƯ
856 ## - ELECTRONIC LOCATION AND ACCESS
Uniform Resource Identifier <a href="https://www.bailii.org/ew/cases/EWHC/Admin/2004/1291.html">https://www.bailii.org/ew/cases/EWHC/Admin/2004/1291.html</a>
Public note View judgment on the BAILL websiteƯ
942 ## - ADDED ENTRY ELEMENTS (KOHA)
Suppress in OPAC 0
Holdings
Withdrawn status Lost status Source of classification or shelving scheme Damaged status Not for loan Home library Current library Shelving location Date acquired Total Checkouts Full call number Barcode Date last seen Copy number Price effective from Koha item type
    Dewey Decimal Classification     London London Journal article 23/07/2004   ABS68050 126919-1001 06/08/2019 1 06/08/2019 Law report
    Dewey Decimal Classification     Virtual Virtual Online 23/07/2004   ONLINE PUBLICATION 126919-2001 06/08/2019 1 06/08/2019 Law report